Todos os times do brasileirão série A de 2025 - Statistics

Estatísticas Gerais
  • Esse quiz foi jogado 82 vezes
  • A pontuação média é 18 de 20
Estatísticas das Respostas
Hint Resposta % Correto
2 Flamengo
98%
12 Grêmio
97%
7 Fluminense
95%
15 Atlético mineiro
94%
14 Internacional
94%
1 Palmeiras
94%
9 São paulo
92%
6 Bahia
91%
5 Botafogo
91%
3 Cruzeiro
91%
8 Vasco
91%
16 Santos
89%
20 Sport
89%
11 Corinthians
88%
19 Fortaleza
85%
4 Mirassol
83%
13 Ceará
80%
17 Vitória
80%
18 Juventude
79%
10 Bragantino
71%
Nenhum quiz correspondente encontrado
Distribuição das Pontuações
Porcentagem de Pessoas com Cada Pontuação
Percentil de Números Respondidos
Sua Pontuação Histórica
Você não jogou esse quiz